000 00427nam a22001697a 4500
003 OSt
008 250711b |||||||| |||| 00| 0 eng d
020 _a9789390727995
082 _a150 FEU
100 _aFELDMAN, Robert S.
245 _aUnderstanding Psychology
250 _a15th. ed.
260 _aChennai,
_bMcGraw Hill Education (India) Pvt. Ltd.,
_c2021,
300 _aMisc.
650 _aPsychology
942 _2ddc
_cBK
999 _c13665
_d13665